000 00281nam a22001217a 4500
008 180111b xxu||||| |||| 00| 0 eng d
041 _aeng
080 _a574
100 _a9
101 _aMJE
245 _aA COURSE MANUAL IN TROPICAL PASTURE SCIENCE
_cA.A.U.C.S
942 _2udc
_cBK
999 _c40143
_d40143